000 00670nam a22002297a 4500
003 UA-OsUOA
001 131780
007 ta
008 20180618b un ||||| |||| 00| 0 ukr d
100 _aГуменюк А.
700 _aШколенко О.
090 _a330(477)
_bГ94
942 _cSA
040 _aUA-OsUOA
_bukr
_cUA-OsUOA
_dUA-OsUOA
245 _aАналіз впливу ризиків на банківську систему
300 _aС.9-18
955 _a0
041 _aukr
080 _a330(477)
773 0 _w131778
_tБухгалтерський облік і аудит
_dК.
_d2018
_g2
650 7 _a330 Економіка взагалі
_2UDC
999 _c420011
_d420011